BUSINESS ICONS WHO CHANGED THE WORLD (Record no. 26756)

MARC details
000 -LEADER
fixed length control field 00347nam a2200133Ia 4500
008 - FIXED-LENGTH DATA ELEMENTS--GENERAL INFORMATION
fixed length control field 240624s9999 xx 000 0 und d
041 ## - LANGUAGE CODE
Language code of text/sound track or separate title eng
082 ## - DEWEY DECIMAL CLASSIFICATION NUMBER
Classification number 920 DRE
100 ## - MAIN ENTRY--PERSONAL NAME
Personal name DREXLER KATERI
245 ## - TITLE STATEMENT
Title BUSINESS ICONS WHO CHANGED THE WORLD
260 ## - PUBLICATION, DISTRIBUTION, ETC.
Date of publication, distribution, etc. 2010
Place of publication, distribution, etc. Mumbai
Name of publisher, distributor, etc. Jaico Publishing
300 ## - PHYSICAL DESCRIPTION
Extent x, : 268 : p. : cm. ; 21
365 ## - TRADE PRICE
Currency code RS
Price amount 35
Holdings
Withdrawn status Lost status Damaged status Not for loan Home library Current library Shelving location Date acquired Source of acquisition Cost, normal purchase price Total Checkouts Full call number Barcode Date last seen Date last checked out Copy number Price effective from Koha item type
        IMTN IMTN Rack 43-B 02/24/2016 WBD 299.00 4 920 DRE 26756 07/18/2025 07/09/2025 1 06/24/2024 Books
Designed & Maintained by: LRC IMT Nagpur Contact: lrc@imtnag.ac.in© 2024. All Rights Reserved.